000 00266nam a22001337a 4500
003 SGT
082 _a340
_bBIS
100 _aBISWAS A R
245 _aLAW DICTIONARY
250 _a2
260 _aCALCUTTA
_bEASTERN LAW HOUSE
_c1982
300 _a694
942 _2ddc
_cBK
999 _c25552
_d25552